000 00620nam a2200229Ia 4500
001 11397
005 20240113235309.0
007 ta
008 050811s1984 g b000 u ben u
040 _aCotton College,Assam
041 _aben
082 _a891.4409
_bMu 896 Sa
100 _aMukhopadhya, Bimal Kr. .
245 0 _aSahitya-Bibek /
_cBimal Kr. Mukhopadhya.
_hTextual Documents
250 _a1st ed /
260 _aCalcutta :
_bDeys Publishing ,
_c1984.
300 _a322p. ;
_c22cm..
653 _aBengali Literature-Criticism
942 _2ddc
_cBK
999 _c11384
_d11384